Principles of managerial finance. / (Record no. 7714)
[ view plain ]
| 000 -LEADER | |
|---|---|
| fixed length control field | 01548nam a22002297a 4500 |
| 003 - CONTROL NUMBER IDENTIFIER | |
| control field | OSt |
| 005 - DATE AND TIME OF LATEST TRANSACTION | |
| control field | 20210708104047.0 |
| 008 - FIXED-LENGTH DATA ELEMENTS--GENERAL INFORMATION | |
| fixed length control field | 120607t xxu||||| |||| 00| 0 eng d |
| 020 ## - INTERNATIONAL STANDARD BOOK NUMBER | |
| International Standard Book Number | 1292018208 : 9781292018201 |
| 040 ## - CATALOGING SOURCE | |
| Transcribing agency | LC |
| 050 ## - LIBRARY OF CONGRESS CALL NUMBER | |
| Classification number | HG4026.G58 |
| 100 ## - MAIN ENTRY--PERSONAL NAME | |
| Personal name | Gitman, Lawrence |
| 245 ## - TITLE STATEMENT | |
| Title | Principles of managerial finance. / |
| Statement of responsibility, etc. | Lawrence J. Gitman, Chad J. Zutter |
| 250 ## - EDITION STATEMENT | |
| Edition statement | 14th ed. |
| 260 ## - PUBLICATION, DISTRIBUTION, ETC. | |
| Place of publication, distribution, etc. | London: |
| Name of publisher, distributor, etc. | Pearson, |
| Date of publication, distribution, etc. | 2015. |
| 300 ## - PHYSICAL DESCRIPTION | |
| Extent | xxxv, 848 p + [various pagings]. : |
| Other physical details | col. ill. ; |
| 500 ## - GENERAL NOTE | |
| General note | Includes index. |
| 505 ## - FORMATTED CONTENTS NOTE | |
| Formatted contents note | Contents: 1. Introduction to managerial finance: The role of managerial finance -- The financial market environment -- 2. Financial tools: Financial statement and ratio analysis -- Cash flow and financial planning -- Time value of money -- 3. Valuation f securities: Interest rates and bond valuation -- Stock valuation -- 4. Risk and the required rate: Risk and return -- The Cost of capital -- 5. Long term investment decision: Capital budgeting techniques -- Capital budgeting cash flows -- Risk and refinements in capital budgeting -- 6. Long term financial decisions: Leverage and capital structure -- Payout policy -- 7. Short-term financial decisions: Working capital and current assets management -- Current labilities management -- Special topics in management finance: Hybrid and derivative securities -- Mergers. LBOs, divestitures, and business failure -- International managerial finance -- <br/><br/> |
| 650 ## - SUBJECT ADDED ENTRY--TOPICAL TERM | |
| Topical term or geographic name entry element | Corporations |
| General subdivision | Finance. |
| 700 ## - ADDED ENTRY--PERSONAL NAME | |
| Fuller form of name | Zutter, Chad j. |
| 942 ## - ADDED ENTRY ELEMENTS (KOHA) | |
| Source of classification or shelving scheme | Library of Congress Classification |
| Koha item type | Books |
| Withdrawn status | Lost status | Source of classification or shelving scheme | Damaged status | Not for loan | Home library | Current library | Shelving location | Date acquired | Total Checkouts | Full call number | Barcode | Date last seen | Copy number | Price effective from | Koha item type |
|---|---|---|---|---|---|---|---|---|---|---|---|---|---|---|---|
| Library of Congress Classification | WISCONSIN INTERNATIONAL UNIVERSITY COLLEGE, GHANA KUMASI LIBRARY | WISCONSIN INTERNATIONAL UNIVERSITY COLLEGE, GHANA KUMASI LIBRARY | General Stacks | 30/10/2019 | HG4026.G58(14e) | K/914/914/19 | 08/07/2021 | 1 | 08/07/2021 | Books | |||||
| Library of Congress Classification | WISCONSIN INTERNATIONAL UNIVERSITY COLLEGE, GHANA KUMASI LIBRARY | WISCONSIN INTERNATIONAL UNIVERSITY COLLEGE, GHANA KUMASI LIBRARY | General Stacks | 30/10/2019 | HG4026.G581(14e) | K/915/915/19 | 08/07/2021 | 2 | 08/07/2021 | Books | |||||
| Library of Congress Classification | WISCONSIN INTERNATIONAL UNIVERSITY COLLEGE, GHANA KUMASI LIBRARY | WISCONSIN INTERNATIONAL UNIVERSITY COLLEGE, GHANA KUMASI LIBRARY | General Stacks | 30/10/2019 | HG4026.G582(14e) | K/937/937/19 | 11/11/2022 | 3 | 08/07/2021 | Books |
